000 01244nam a2200301 a 4500
001 79983
003 BD-RjUL
005 20220619113314.0
008 220619r20202014flua ob 001 0 eng
020 _a9781439867327
_q(hardcover)
020 _a9781138582545
035 _a(BD-RjUL)79983
040 _aAHV
_beng
_erda
_cBD-RjUL
041 0 _aeng
082 _223
_a561.93
_bBAA 2020
100 1 _aBarsanti, L.
_eauthor.
_93688
245 1 0 _aAlgae :
_banatomy, biochemistry, and biotechnology /
_cLaura Barsanti and Paolo Gualtieri.
250 _aSecond edition.
260 _aBoca Raton, FL :
_bCRC Press/Taylor & Francis Group,
_c©2014 [reprint 2020]
300 _axv, 345 pages :
_billustrations;
_c26 cm.
500 _aFirst edition published as: Algae / by Paolo Gualtieri and Laura Barsanti. Boca Raton : Taylor & Francis, 2006.
504 _aIncludes bibliographical references and index.
650 4 _aAlgae.
_93689
650 4 _aPhotosynthesis.
_93690
700 1 _aGualtieri, Paolo,
_d1952-
_eauthor.
_93694
776 0 8 _iPrint version:
_aLaura Barsanti and Paolo Gualtieri.
_tAlgae :
_banatomy, biochemistry, and biotechnology.
_dBoca Raton [Florida] : CRC Press/Taylor & Francis Group, c2014.
_z9781439867327
942 _2ddc
_cBK
999 _c79983
_d79983